Guess the NFL Football Team by Nickname - Statistics

General Stats
  • This quiz has been taken 72 times
  • The average score is 9 of 32
Answer Stats
NFL
Team
Nickname % Correct
Steelers The Men of Steel
94%
Vikings Purple People Eaters
87%
49ers The Gold Rush
56%
Giants Big Blue Wrecking Crew (1984-1993)
50%
Bears Da ______
48%
Chiefs Legions of Zoom (2018-2021)
44%
Jaguars Duuuvaalll
41%
Packers Titletown
35%
Jets Gotham City Football
33%
Eagles The Iggles
31%
Broncos No Fly Zone (2014-2018)
30%
Buccaneers Bucco Bruce
28%
Lions Honolulu Blue Crew
26%
Cardinals The Big Red
22%
Chargers Air Coryell
20%
Saints The Bless You Boys
20%
Patriots The Evil Empire
19%
Cowboys Doomsday Defense
17%
Panthers Keep Pounding
17%
Rams The Fearsome Foursome (1963-1971)
17%
Ravens Bullies of _______
15%
Bengals SWAT Team (1980)
13%
Bills The Electric Company (1973-1976)
13%
Falcons Grits Blitz
13%
Seahawks The Blue Wave (1984-1986)
13%
Texans Bulls on Parade
13%
Browns Kardiac Kids
11%
Commanders The Fun Bunch
11%
Dolphins Killer B's (1982 Defense)
11%
Colts The Cardiac _____
9%
Raiders The Worlds Team
7%
Titans Smash and Dash (2008)
6%
No matching quizzes found
Score Distribution
Percent of People with Each Score
Percentile by Number Answered
Your Score History
You have not taken this quiz